Retrouvez les départements disparus - Erreurs Eliminatoires - Statistiques

Statistiques générales
  • Ce quiz a été pris 856 fois
  • Le résultat moyen est 12 sur 20
Réponses sur la Carte
Les réponses sont colorées sur une échelle allant du rouge au vert en fonction du pourcentage des utilisateurs qui les ont devinées à leur premier essai. Vous pouvez retrouver ces pourcentages ci-dessous.
 
Statistiques - réponses
Département % Correct
Gironde
75%
Vendée
71%
Aisne
70%
Bas-Rhin
70%
Haute-Garonne
67%
Orne
66%
Essonne
65%
Alpes-de-Haute-Provence
63%
Isère
61%
Ardèche
59%
Maine-et-Loire
59%
Vosges
59%
Tarn
58%
Aube
54%
Lozère
54%
Saône-et-Loire
53%
Seine-Maritime
53%
Cher
52%
Haute-Corse
52%
Corrèze
51%
Aucun quiz correspondant
Distribution des résultats
% des personnes avec chaque résultat
Percentile par nombre de réponses
Votre historique - résultats
Vous n’avez pas pris ce quiz